00567nam a2200181Ia 4500003000900000008004100009040001600050080001500066100001700081245009800098250001100196260004800207300001500255500002600270650004100296650002400337650002400361IN-BaIIA211028s9999 xx 000 0 eng d cIIA Library a521.9bSMA aSmart, W. M. 0aText-book on spherical astronomycW. M. Smart  a4th ed aCambridgebCambridge University Pressc1947 axii, 430p. aDonated by Mrs. Bappu aAstronomy and Astrophysics Thesaurus aCelestial Mechanics aSpherical Astronomy